000 00388nam a22001577a 4500
005 20251108172555.0
008 250721s9999 xx 000 0 eng d
082 1 4 _a720.483SHE
100 1 _aSheppare, Charles
245 1 0 _aSkycarapers:masterpieces of architecture /
264 1 _aNew York :
_bTadtri,
300 _a78p
650 1 7 _aSkyscraper
942 _2ddc
_cBK
999 _c82926
_d82926